000 00383nam a22001577a 4500
020 _a978-0-13-503273-2
082 _a658.15
100 _aEmery, Donglas R.
245 _aCorporate Financial Management
250 _a3rd
260 _aNew Jessey:
_bPearson,
_c2007
300 _axxii, 841p.: ill.; 25cm
700 _aFinnerity, John D.
700 _aStowe, John D.
942 _cBK
999 _c22213
_d22213